Reálná a nominální konvergence v zemích středoevropské pětky

Približovanie ekonomickej úrovne Českej republiky a ostatných stredoeurópskych nových členských štátov k úrovni vyspelých krajín Európskej únie. Identifikácia faktorov, ktoré urýchľujú resp. brzdia zužovanie existujúcej medzery. Zladenosť reálnej konvergencie s nominálnou konvergenciou, najmä s vývo...

Description complète

Enregistré dans:
Détails bibliographiques
Auteur principal: Vintrová, Růžena
Format: Chapitre de livre
Langue:tchèque
Sujets:
Tags: Ajouter un tag
Pas de tags, Soyez le premier à ajouter un tag!

MARC

LEADER 00000naa$a2200000$$$4500
001 0056769
005 20231019131141.8
041 0 |a cze 
044 |a CZ 
245 1 0 |a Reálná a nominální konvergence v zemích středoevropské pětky  |c Růžena Vintrová 
520 |a Približovanie ekonomickej úrovne Českej republiky a ostatných stredoeurópskych nových členských štátov k úrovni vyspelých krajín Európskej únie. Identifikácia faktorov, ktoré urýchľujú resp. brzdia zužovanie existujúcej medzery. Zladenosť reálnej konvergencie s nominálnou konvergenciou, najmä s vývojom cenovej úrovne a urovne miezd. Vývoj reálnej konvergencie a zmeny medzinárodnej ekonomickej ekonomickej pozícii krajín EU-5. 
610 2 0 |a konvergencia 
610 2 0 |a SVE 
610 2 0 |a úroveň rozvoja hospodárskeho 
610 2 0 |a úroveň životná 
610 2 0 |a Česko 
610 2 0 |a porovnanie medzinárodné 
100 1 |a Vintrová, Růžena